书目信息 |
| 题名: |
化学的100个基本问题
|
|
| 作者: | 薛永强 , 薛永强 编著 | |
| 分册: | ||
| 出版信息: | 太原 山西科学技术出版社 2004.1 |
|
| 页数: | 256页 | |
| 开本: | 21cm | |
| 丛书名: | ||
| 单 册: | ||
| 中图分类: | O6-49 | |
| 科图分类: | ||
| 主题词: | 化学--普及读物 | |
| 电子资源: | ||
| ISBN: | 7-5377-2173-4 | |
| 000 | 00756nam0 2200241 45 | |
| 001 | 012004000000 | |
| 005 | 20050105152110.48 | |
| 010 | @a7-5377-2173-4@dCNY 17.00 | |
| 100 | @a20041120e20042004em y0chiy0121 ea | |
| 101 | 0 | @achi |
| 102 | @aCN@b140000 | |
| 105 | @aa z 000yy | |
| 200 | 1 | @a化学的100个基本问题@Ahua xue de 100 ge ji ben wen ti@f薛永强等编著@Fxue yong qiang deng bian zhu |
| 210 | @a太原@c山西科学技术出版社@d2004.1@h2004.9重印 | |
| 215 | @a256页@c图@d21cm | |
| 304 | @a本书其他编著: 赵红, 栾春晖, 曹青 | |
| 320 | @a书末附参考文献 | |
| 606 | 0 | @a化学@j普及读物 |
| 690 | @aO6-49@v4 | |
| 701 | 0 | @a薛永强@Axue yong qiang@4编著 |
| 701 | 0 | @a薛永强@Axue yong qiang@4编著 |
| 801 | 0 | @aCN@bQSSKxf@c20050105 |
| 905 | @a10447@dO6-49@eX970 | |
| 化学的100个基本问题/薛永强等编著.-太原:山西科学技术出版社,2004.1(2004.9重印) |
| 256页:图;21cm |
| ISBN 7-5377-2173-4:CNY 17.00 |
| ● |
| 相关链接 |
|
|
|
正题名:化学的100个基本问题
索取号:O6-49/X970
 
预约/预借
| 序号 | 登录号 | 条形码 | 馆藏地/架位号 | 状态 | 备注 |
| 1 | 434344 | 204343442 | 自科库401/401自科库 61排5列1层/ [索取号:O6-49/X970] | 在馆 | |
| 2 | 434345 | 204343451 | 自科库401/401自科库 61排5列1层/ [索取号:O6-49/X970] | 在馆 | |
| 3 | 434346 | 204343460 | 自科库401/401自科库 61排5列1层/ [索取号:O6-49/X970] | 在馆 | |
| 4 | 434347 | 204343479 | 自科库401/401自科库 61排5列1层/ [索取号:O6-49/X970] | 在馆 | |
| 5 | 434348 | 204343488 | 自科库401/401自科库 61排5列1层/ [索取号:O6-49/X970] | 在馆 |